000 00468nam a2200181Ia 4500
001 4864
005 20260306145826.0
008 260306t2016||||xx |||||||||||||| ||spa||
041 _aESP
082 _a330.985
_bG68
100 _aGonzales de Olarte, Efraín
_eAUT
245 0 _aUna economía incompleta Perú 1950-2007:
_banálisis estructural
260 _c2016
300 _a289 páginas :
_c24 cm.
650 _aGEN
654 _aCAN
942 _cLIB
_dJUS
_fJUS
_2ddc
_n
999 _c4864
_d4864